000 00507nam a22001817a 4500
005 20230201074853.0
008 230201b |||||||| |||| 00| 0 eng d
020 _a0-340-67701-5
082 _a664 G214 1977
100 _aGarbutt, John
_eauthor
245 _aEssentials of food microbiology /
_cJohn Garbutt
260 _aLondon:
_bArnold,
_cc1997.
300 _a251p.;
_bill.
504 _aIncludes index
541 _e1674 c.1, 4304 c.2
650 _aFood - Microbiology
650 _aFood contamination
999 _c840
_d840